00987 2200349 4500001002100000005001500021035002000036007000300056008004100059100002100100245008000121250001000201300003400211020002200245082001100267084001600278090002100294260003600315650001200351700003400363850001000397990002400407990002400431990002400455990002400479990002300503990002300526990002300549990002300572990002100595990002100616INLIS00000000000273620260531100411 a0010-0720000019ta260531 g 0 ind 0 aRida " Ridcoll "1 aMenjahit Kerudung Cantik /cRida " Ridcoll ", Penyunting: Septi Rinasusanti aCet.1 aiv, 76 hlm. :bilus. ;c23 cm a978-602-213-012-3 a746.92 a746.4 RID m a746.4 RID m 23-6 aJakarta :bKriya Pustaka,c2014 4aTerapan aPenyunting: Septi Rinasusanti aPUPAD a30.815/DAK/DPK/2019 a30.816/DAK/DPK/2019 a30.817/DAK/DPK/2019 a30.818/DAK/DPK/2019 a23.121/B/KAPD/2016 a23.122/B/KAPD/2016 a23.123/B/KAPD/2016 a23.124/B/KAPD/2016 a23.123/B/KABP/16 a23.129/B/KAPD/16